Variacions líriques / J. M. López Picó
Descripción Física:
101 p., [4] f. ; 24 cm
MARC
| LEADER | 00000nam a2200000Ia 4500 | ||
|---|---|---|---|
| 001 | 12142 | ||
| 008 | 160829s1935 xx 000 0 cat d | ||
| 080 | |a L-1-48 | ||
| 100 | 1 | |a López-Picó, Josep Maria, |d 1886-1959 |9 27474 | |
| 245 | |a Variacions líriques / J. M. López Picó | ||
| 260 | |a Barcelona : |b (Imp. Altés), |c 1935 | ||
| 300 | |a 101 p., [4] f. ; |c 24 cm | ||
| 590 | |a Abans del títol: Op. XXIX. | ||
| 590 | |a Prové de 4364, exp. 163 | ||
| 901 | |a Arxiu | ||
| 942 | |n 1 | ||
| 952 | |0 0 |1 0 |4 0 |6 L148 |7 1 |9 53323 |a Arxiu |b Arxiu |d 2016-12-01 |l 0 |o L-1-48 |p 12142 |r 2016-12-01 00:00:00 |w 2016-12-01 |y ARXIU | ||
| 999 | |c 57188 |d 57188 | ||